Ernest Breleur : (Record no. 865)
[ view plain ]
| 000 -LEADER | |
|---|---|
| campo de control de longitud fija | 01237cam a22003134a 4500 |
| 001 - NÚMERO DE CONTROL | |
| campo de control | 15616436 |
| 005 - FECHA Y HORA DE LA ÚLTIMA TRANSACCIÓN | |
| campo de control | 20220326193343.0 |
| 008 - DATOS DE LONGITUD FIJA--INFORMACIÓN GENERAL | |
| campo de control de longitud fija | 090109s2008 fr a b 000 0dfre |
| 010 ## - NÚMERO DE CONTROL DE LA BIBLIOTECA DEL CONGRESO | |
| Número de control de LC | 2009405570 |
| 035 ## - NÚMERO DE CONTROL DEL SISTEMA | |
| Número de control de sistema | (FrPJT)JTL00239585 |
| 040 ## - FUENTE DE CATALOGACIÓN | |
| Centro catalogador/agencia de origen | DLC |
| Centro/agencia transcriptor | DLC |
| 082 04 - NÚMERO DE LA CLASIFICACIÓN DECIMAL DEWEY | |
| Número de clasificación | 701.18 |
| Número de ítem | B539e |
| 100 1# - ENTRADA PRINCIPAL--NOMBRE DE PERSONA | |
| Nombre de persona | Berthet, Dominique, |
| Fechas asociadas al nombre | 1959- |
| 9 (RLIN) | 4770 |
| 245 10 - MENCIÓN DEL TÍTULO | |
| Título | Ernest Breleur : |
| Mención de responsabilidad, etc. | Dominique Berthet y Patrick Chamoiseau. |
| Resto del título | reconstitution d´une tribu perdu / |
| 260 ## - PUBLICACIÓN, DISTRIBUCIÓN, ETC. | |
| Lugar de publicación, distribución, etc. | Paris : |
| Nombre del editor, distribuidor, etc. | Caradit Ediprint, |
| Fecha de publicación, distribución, etc. | 2003. |
| 300 ## - DESCRIPCIÓN FÍSICA | |
| Extensión | 60 p. |
| Otras características físicas | il. col. |
| Dimensiones | 20 cm. |
| 504 ## - NOTA DE BIBLIOGRAFÍA, ETC. | |
| Nota de bibliografía, etc. | Includes bibliographical references (p. 191). |
| 505 ## - NOTA DE CONTENIDO CON FORMATO | |
| Título | L´enver de la photographie |
| Mención de responsabilidad | Jacques Leenhardt |
| Título | Une esthétique du corps |
| Mención de responsabilidad | Dominique Berthet |
| Título | Apercu Biographique |
| -- | Expositions |
| 600 10 - PUNTO DE ACCESO ADICIONAL DE MATERIA--NOMBRE DE PERSONA | |
| Nombre de persona | Breleur, Ernest |
| Subdivisión general | Criticism and interpretation. |
| 9 (RLIN) | 4771 |
| 650 ## - PUNTO DE ACCESO ADICIONAL DE MATERIA--TÉRMINO DE MATERIA | |
| Término de materia o nombre geográfico como elemento de entrada | Filosofia - Teoria del arte |
| Subdivisión de forma | arte moderno |
| 9 (RLIN) | 4772 |
| 653 10 - TÉRMINO DE INDIZACIÓN--NO CONTROLADO | |
| Término no controlado | Criticismo e interpretación |
| 653 ## - TÉRMINO DE INDIZACIÓN--NO CONTROLADO | |
| Término no controlado | Arte moderno |
| 653 ## - TÉRMINO DE INDIZACIÓN--NO CONTROLADO | |
| Término no controlado | Filosofia-Teoría del arte |
| 700 1# - ENTRADA AGREGADA--NOMBRE PERSONAL | |
| Nombre de persona | Breleur, Ernest. |
| 9 (RLIN) | 4773 |
| 700 1# - ENTRADA AGREGADA--NOMBRE PERSONAL | |
| Nombre de persona | Berthet, Dominique. |
| 9 (RLIN) | 5263 |
| 700 1# - ENTRADA AGREGADA--NOMBRE PERSONAL | |
| Nombre de persona | Chamoiseau, Patrick. |
| 9 (RLIN) | 5265 |
| 906 ## - ELEMENTOS DE DATOS F LOCAL, LDF (RLIN) | |
| a | 7 |
| b | cbc |
| c | origres |
| d | 3 |
| e | ncip |
| f | 20 |
| g | y-gencatlg |
| Estatus retirado | Estado de pérdida | Fuente del sistema de clasificación o colocación | Estado de daño | No para préstamo | Biblioteca de origen | Biblioteca actual | Ubicación en estantería | Fecha de adquisición | Total de préstamos | Signatura topográfica completa | Código de barras | Visto por última vez | Precio de reemplazo | Tipo de ítem Koha |
|---|---|---|---|---|---|---|---|---|---|---|---|---|---|---|
| Clasificación Decimal Dewey | Biblioteca LadoV | Biblioteca LadoV | 24/02/2016 | 701.18 B539e | 000668 | 24/02/2016 | 24/02/2016 | Material 01 |
